000 00855cam a2200145ua 4500
041 _aeng
_h
082 _a674.047
_bBUR/CO
110 1 _aIndian Standard Institution .
_bISI
_c()
245 _aCode of practice for seasoning of timber
260 _aNew Delhi :
_bIndian Standards Institution ,
_c1989.
300 _a38 ; .
504 _a
942 _cBK
999 _c7020
_d7020